[Event "21.Wörishofen-Seniorenen op"]
[Site "Bad Wörishofen (03.03.-11.03)"]
[Date "2005.03.08"]
[Round "6.40"]
[White "Bartlitz, Heinz"]
[Black "Smits, Oswald"]
[Result "0-1"]
[WhiteElo "1567"]
[BlackElo "1714"]
[PlyCount "106"]
[EventDate "2005.03.??"]
[Source "Chessorg"]
[SourceDate "2005.12.10"]

1. e4 c5 2. Nf3 Nc6 3. d3 e6 4. Nbd2 Be7 5. g3 d5 6. Bg2 Nf6 7. O-O O-O 8. Re1
dxe4 9. Nxe4 Qb6 10. Nxf6+ Bxf6 11. c3 h6 12. h3 Qc7 13. Be3 b6 14. Nh2 Be7 15.
Ng4 Bb7 16. Bf4 Bd6 17. Bxd6 Qxd6 18. Qe2 Rad8 19. Rad1 Ba6 20. Ne5 Qxe5 21.
Qxe5 Nxe5 22. Rxe5 Rxd3 23. Rxd3 Bxd3 24. Be4 Bc4 25. Bb1 Rd8 26. Re1 Bb5 27.
b3 Bc6 28. Be4 Be8 29. Re2 Kf8 30. g4 Ke7 31. f4 Rd1+ 32. Kf2 f6 33. Ke3 Kd6
34. Rc2 Bc6 35. Bxc6 Kxc6 36. h4 Rh1 37. h5 Rh3+ 38. Ke4 Rg3 39. g5 hxg5 40.
fxg5 Rxg5 41. Rh2 Rg4+ 42. Kf3 f5 43. h6 gxh6 44. Rxh6 Re4 45. Rh8 Kd5 46. c4+
Kd4 47. Rd8+ Kc3 48. Ra8 a5 49. Ra6 Rd4 50. Rxb6 e5 51. Rb5 Rd3+ 52. Kf2 Kd4
53. Rxa5 e4 0-1

[Event "21.Wörishofen-Seniorenen op"]
[Site "Bad Wörishofen (03.03.-11.03)"]
[Date "2005.03.08"]
[Round "6.41"]
[White "Aigner, Georg"]
[Black "Lange, Manfred,Dr[33Wzb]"]
[Result "0-1"]
[WhiteElo "1823"]
[BlackElo "1943"]
[PlyCount "80"]
[EventDate "2005.03.??"]
[Source "Chessorg"]
[SourceDate "2005.12.10"]

1. e4 e5 2. Nf3 Nc6 3. Bb5 a6 4. Ba4 d6 5. d4 b5 6. Bb3 Nxd4 7. Nxd4 exd4 8.
Qxd4 c5 9. Qd5 Be6 10. Qc6+ Bd7 11. Qd5 c4 12. Bxc4 bxc4 13. Qxc4 Bb5 14. Qd4
Rc8 15. Nc3 Rc4 16. Qe3 Nf6 17. b3 Rc7 18. Bb2 Be7 19. O-O-O Qc8 20. Rd2 O-O
21. f4 Bc6 22. Re1 Re8 23. Qg3 Bf8 24. Rde2 d5 25. e5 Ne4 26. Nxe4 dxe4 27. h4
Qf5 28. Kb1 Rec8 29. Rc1 g6 30. Qe3 Bb5 31. c4 Bc6 32. Rg1 Qg4 33. Ree1 Rd7 34.
Qb6 Bb7 35. Ka1 Bc5 36. Qf6 Qe6 37. Qg5 Bxg1 38. Rxg1 Rcd8 39. a4 Qf5 40. Qh6
Qh5 0-1

[Event "21.Wörishofen-Seniorenen op"]
[Site "Bad Wörishofen (03.03.-11.03)"]
[Date "2005.03.08"]
[Round "6.42"]
[White "Reichwald, Klaus"]
[Black "Wittelsberger, Helmut"]
[Result "1/2-1/2"]
[WhiteElo "1716"]
[BlackElo "1794"]
[PlyCount "82"]
[EventDate "2005.03.??"]
[Source "Chessorg"]
[SourceDate "2005.12.10"]

1. e4 c5 2. Nc3 d6 3. g3 Nc6 4. Bg2 g6 5. Nge2 Bg7 6. d3 e5 7. O-O Nge7 8. f4
O-O 9. Bd2 Bg4 10. h3 Bxe2 11. Nxe2 exf4 12. Bxf4 Qd7 13. c3 d5 14. Qd2 dxe4
15. dxe4 Qxd2 16. Bxd2 Rad8 17. Be3 b6 18. Rad1 Ne5 19. Nf4 Nc4 20. Bc1 Ne5 21.
Nd5 N7c6 22. g4 h6 23. Rd2 Kh8 24. Rdf2 Nd3 25. Rd2 Nce5 26. Rfd1 Nxc1 27. Rxc1
Rd6 28. Rcd1 Rfd8 29. Rf1 Bf6 30. Re2 Bg5 31. Kh2 Bh4 32. Rd1 Kg7 33. Rf1 Rb8
34. Kg1 Re8 35. Kh1 f6 36. Rd2 Nc4 37. Rc2 Bg5 38. Rd1 Red8 39. Re1 Re8 40. Rd1
Red8 41. Rf1 Bh4 1/2-1/2

[Event "21.Wörishofen-Seniorenen op"]
[Site "Bad Wörishofen (03.03.-11.03)"]
[Date "2005.03.08"]
[Round "6.43"]
[White "Frantzke, Helmut"]
[Black "Winkler, Hans"]
[Result "1/2-1/2"]
[WhiteElo "1774"]
[BlackElo "1709"]
[PlyCount "57"]
[EventDate "2005.03.??"]
[Source "Chessorg"]
[SourceDate "2005.12.10"]

1. e4 c5 2. Nf3 d6 3. g3 Nf6 4. d3 g6 5. Bg2 Bg7 6. O-O O-O 7. c3 Nc6 8. Nbd2
Rb8 9. a4 a6 10. Re1 Bg4 11. h3 Bxf3 12. Qxf3 Nd7 13. Qe2 b5 14. axb5 axb5 15.
f4 Qc7 16. Nf3 b4 17. Bd2 bxc3 18. bxc3 Rb2 19. Rec1 Na5 20. Rab1 Rfb8 21. Rxb2
Rxb2 22. d4 Qb6 23. e5 dxe5 24. fxe5 e6 25. Qe4 Nb3 26. Rd1 Nxd2 27. Nxd2 Qa7
28. Qa8+ Qxa8 29. Bxa8 1/2-1/2

[Event "21.Wörishofen-Seniorenen op"]
[Site "Bad Wörishofen (03.03.-11.03)"]
[Date "2005.03.08"]
[Round "6.44"]
[White "Luecke, Volkmar"]
[Black "Wild, Gerhard[33Ladenb]"]
[Result "1-0"]
[WhiteElo "1863"]
[BlackElo "1870"]
[PlyCount "99"]
[EventDate "2005.03.??"]
[Source "Chessorg"]
[SourceDate "2005.12.10"]

1. Nf3 d5 2. d4 Nf6 3. g3 Bg4 4. Bg2 e6 5. O-O Be7 6. Ne5 Bf5 7. c4 c6 8. cxd5
exd5 9. Nc3 Nbd7 10. Qb3 Qb6 11. Nxd7 Nxd7 12. Qxb6 Nxb6 13. Re1 O-O 14. e4
dxe4 15. Bxe4 Bxe4 16. Nxe4 Nd5 17. Bd2 Rfe8 18. a3 h6 19. Re2 Rad8 20. Rae1
Kf8 21. Kf1 Nc7 22. a4 Ne6 23. Bc3 Nxd4 24. Bxd4 Rxd4 25. Nc5 Rdd8 26. Nxb7 Rb8
27. Na5 Rbc8 28. Rc2 Bf6 29. Rxe8+ Kxe8 30. Rxc6 Rb8 31. b3 Kd7 32. Rc2 Bd8 33.
Nc6 Ra8 34. Nxd8 Kxd8 35. b4 Kd7 36. Rc5 Rb8 37. b5 Re8 38. a5 Re4 39. b6 axb6
40. axb6 Rb4 41. Rc7+ Ke6 42. b7 h5 43. Ke2 g5 44. Kd3 f6 45. Kc3 Rb1 46. Kc4
Kd6 47. Rf7 Kc6 48. Rxf6+ Kxb7 49. Rf5 Rb2 50. Rb5+ 1-0

[Event "21.Wörishofen-Seniorenen op"]
[Site "Bad Wörishofen (03.03.-11.03)"]
[Date "2005.03.08"]
[Round "6.45"]
[White "Dietze, Otto"]
[Black "Wohlfart, Karl-Heinz"]
[Result "0-1"]
[WhiteElo "1536"]
[BlackElo "1774"]
[PlyCount "46"]
[EventDate "2005.03.??"]
[Source "Chessorg"]
[SourceDate "2005.12.10"]

1. e4 d6 2. d4 Nf6 3. Nc3 g6 4. Be2 Bg7 5. Nf3 O-O 6. O-O c6 7. h3 b5 8. Bd3
Na6 9. e5 Nd7 10. exd6 exd6 11. d5 Ndc5 12. Be2 b4 13. Nb1 cxd5 14. Qxd5 Bb7
15. Qd1 Nc7 16. Nbd2 N7e6 17. Rb1 Rc8 18. b3 Nf4 19. Nc4 Nxe2+ 20. Qxe2 d5 21.
Ne3 Ba6 22. Qd1 Bxf1 23. Qxf1 Ne4 0-1

[Event "21.Wörishofen-Seniorenen op"]
[Site "Bad Wörishofen (03.03.-11.03)"]
[Date "2005.03.08"]
[Round "6.46"]
[White "Hausner, Alfreda"]
[Black "Lang, Hermann[35Merzig]"]
[Result "1/2-1/2"]
[WhiteElo "1765"]
[BlackElo "1717"]
[PlyCount "33"]
[EventDate "2005.03.??"]
[Source "Chessorg"]
[SourceDate "2005.12.10"]

1. d4 Nf6 2. Nf3 c5 3. c3 b6 4. e3 g6 5. Nbd2 cxd4 6. exd4 Bg7 7. Bd3 O-O 8.
O-O Ba6 9. Bxa6 Nxa6 10. Re1 Nc7 11. Nf1 d6 12. Bg5 Ne6 13. Bd2 Rc8 14. Ng5
Nxg5 15. Bxg5 Re8 16. h3 Qc7 17. Ne3 1/2-1/2

[Event "21.Wörishofen-Seniorenen op"]
[Site "Bad Wörishofen (03.03.-11.03)"]
[Date "2005.03.08"]
[Round "6.47"]
[White "Fleckner, Hans"]
[Black "Oser, Thor"]
[Result "1/2-1/2"]
[WhiteElo "1723"]
[BlackElo "1631"]
[PlyCount "42"]
[EventDate "2005.03.??"]
[Source "Chessorg"]
[SourceDate "2005.12.10"]

1. e4 c5 2. Nf3 Nc6 3. d4 cxd4 4. Nxd4 a6 5. Nc3 e6 6. Nxc6 bxc6 7. Bd3 Qc7 8.
O-O d5 9. Qe1 Bb7 10. f4 d4 11. Ne2 c5 12. b3 Ne7 13. Ng3 Nc6 14. a3 a5 15. Qe2
Qb6 16. f5 e5 17. Qh5 Ba6 18. Qe2 f6 19. Qh5+ Ke7 20. Qe2 Bxd3 21. Qxd3 Qa6
1/2-1/2

[Event "21.Wörishofen-Seniorenen op"]
[Site "Bad Wörishofen (03.03.-11.03)"]
[Date "2005.03.08"]
[Round "6.48"]
[White "Alefs, Heinz"]
[Black "Lange, Detlef"]
[Result "1/2-1/2"]
[WhiteElo "1640"]
[BlackElo "1635"]
[PlyCount "48"]
[EventDate "2005.03.??"]
[Source "Chessorg"]
[SourceDate "2005.12.10"]

1. d4 Nf6 2. c4 e6 3. Nc3 c5 4. d5 exd5 5. cxd5 d6 6. e4 a6 7. Bd3 Bg4 8. f3
Bh5 9. Nge2 Nbd7 10. Ng3 Bg6 11. O-O Be7 12. Bf4 Nh5 13. Nxh5 Bxh5 14. Ne2 O-O
15. Qc2 b5 16. Qd2 Bg6 17. Bb1 Qc7 18. Bg3 Rac8 19. b3 Rfe8 20. Kh1 Ne5 21. Nf4
Bg5 22. h4 Be7 23. Ne2 Qd8 24. Bxe5 dxe5 1/2-1/2

[Event "21.Wörishofen-Seniorenen op"]
[Site "Bad Wörishofen (03.03.-11.03)"]
[Date "2005.03.08"]
[Round "6.49"]
[White "Richter, Helmut[41W'kraib]"]
[Black "Wawrinsky, Ludwig"]
[Result "0-1"]
[WhiteElo "1538"]
[BlackElo "1703"]
[PlyCount "54"]
[EventDate "2005.03.??"]
[Source "Chessorg"]
[SourceDate "2005.12.10"]

1. d4 Nf6 2. c4 e6 3. Nc3 Bb4 4. Bd2 b6 5. Nf3 Bb7 6. e3 O-O 7. Be2 d6 8. O-O
Nbd7 9. a3 Bxc3 10. Bxc3 Ne4 11. Qc2 f5 12. Nd2 Qg5 13. Nf3 Qh6 14. Rad1 Rf6
15. d5 e5 16. g3 Qh3 17. Rfe1 Rh6 18. Bf1 Qh5 19. Be2 g5 20. Bf1 Nxc3 21. Qxf5
Nxd1 22. Rxd1 Kh8 23. Bg2 Nc5 24. Nxg5 Qxd1+ 25. Bf1 Qh5 26. Nf7+ Kg7 27. Nxh6
Qxh6 0-1

[Event "21.Wörishofen-Seniorenen op"]
[Site "Bad Wörishofen (03.03.-11.03)"]
[Date "2005.03.08"]
[Round "6.51"]
[White "Manfeldt, Alfred"]
[Black "Duer, Maria"]
[Result "0-1"]
[WhiteElo "1554"]
[BlackElo "1694"]
[PlyCount "92"]
[EventDate "2005.03.??"]
[Source "Chessorg"]
[SourceDate "2005.12.10"]

1. d4 d5 2. Nf3 Nf6 3. e3 Bg4 4. h3 Bh5 5. Be2 e6 6. Nbd2 Nbd7 7. b3 Bd6 8. Bb2
O-O 9. c4 c6 10. Ne5 Bxe2 11. Qxe2 Qc7 12. f4 Qa5 13. O-O Rad8 14. c5 Be7 15.
a3 Ne4 16. Nxe4 dxe4 17. b4 Qc7 18. Qc2 f5 19. Qb3 Nxe5 20. fxe5 Rd5 21. g3 Bg5
22. h4 Bd8 23. Ra2 Qf7 24. Bc1 Qg6 25. Rg2 h5 26. Rf4 Kh7 27. Qd1 Bc7 28. Qf1
Rfd8 29. Kh2 b5 30. Qe2 a5 31. Bd2 Bxe5 32. dxe5 Rxd2 33. Qxd2 Rxd2 34. Rxd2
axb4 35. axb4 Qe8 36. Rd6 g6 37. Rf2 Qa8 38. Rxe6 Qa3 39. Rxc6 Qxe3 40. Kg2 Qd4
41. Rd6 Qxe5 42. Rf4 Qb2+ 43. Kh3 Qxb4 44. Rd7+ Kh6 45. c6 Qb1 46. c7 Qh1# 0-1

[Event "21.Wörishofen-Seniorenen op"]
[Site "Bad Wörishofen (03.03.-11.03)"]
[Date "2005.03.08"]
[Round "6.52"]
[White "Mahrla, Hans,Dr."]
[Black "Wolfram, Gisbert,Dr."]
[Result "1-0"]
[WhiteElo "1626"]
[BlackElo "1548"]
[PlyCount "97"]
[EventDate "2005.03.??"]
[Source "Chessorg"]
[SourceDate "2005.12.10"]

1. e4 c6 2. d4 d5 3. e5 Bf5 4. Nf3 e6 5. Be2 c5 6. c3 Nc6 7. O-O Qb6 8. a3 Rc8
9. dxc5 Bxc5 10. b4 Be7 11. Be3 Qc7 12. Nbd2 Bd8 13. Rc1 Nge7 14. Re1 O-O 15.
Bf4 Ng6 16. Bg3 Ngxe5 17. Kh1 f6 18. b5 Ne7 19. Nxe5 fxe5 20. Nf3 Ng6 21. Nd4
Bg5 22. Ra1 Qxc3 23. Nxf5 exf5 24. Qxd5+ Kh8 25. h3 Qd2 26. Qxb7 Rc2 27. Qxa7
Rfc8 28. Rad1 Qc3 29. b6 Rf8 30. b7 Qc7 31. Bb5 Rc1 32. Rxc1 Bxc1 33. Rd1 Bb2
34. a4 f4 35. Bh2 Bd4 36. Qa6 Ne7 37. Bd3 Qc6 38. Qxc6 Nxc6 39. Rc1 Nb8 40. Rc8
Bc5 41. Rxc5 g5 42. Rc8 Kg7 43. Rxf8 Kxf8 44. f3 Ke7 45. Bg1 Kd7 46. a5 Kc7 47.
a6 Nd7 48. Be4 h5 49. a7 1-0

[Event "21.Wörishofen-Seniorenen op"]
[Site "Bad Wörishofen (03.03.-11.03)"]
[Date "2005.03.08"]
[Round "6.53"]
[White "Wolf, Margot"]
[Black "Schuster, Herbert"]
[Result "0-1"]
[WhiteElo "1321"]
[BlackElo "1641"]
[PlyCount "90"]
[EventDate "2005.03.??"]
[Source "Chessorg"]
[SourceDate "2005.12.10"]

1. d4 Nf6 2. Nf3 d5 3. Bf4 e6 4. e3 h6 5. Bd3 Bd6 6. Bxd6 Qxd6 7. c3 c6 8. Nbd2
Nbd7 9. O-O e5 10. dxe5 Nxe5 11. Nxe5 Qxe5 12. h3 Bf5 13. Qc2 Bxd3 14. Qxd3 O-O
15. Rfe1 Rad8 16. Qd4 Qxd4 17. exd4 Rfe8 18. f3 Nh5 19. Kh2 Nf4 20. Nb3 b6 21.
Rab1 Nd3 22. Rxe8+ Rxe8 23. Na1 Re2 24. Kg3 Nxb2 25. a3 Nc4 26. a4 Ne3 27. Rg1
Ra2 28. Nb3 Rxa4 29. Re1 Nf5+ 30. Kh2 Ra3 31. Re5 Rxb3 32. Rxf5 Rxc3 33. Re5
Kf8 34. Re1 a5 35. Rd1 a4 36. Rb1 b5 37. Kg1 Rb3 38. Rc1 a3 39. Rxc6 a2 40.
Rc8+ Ke7 41. Rc7+ Ke8 42. Rc8+ Kd7 43. Ra8 Rb1+ 44. Kh2 a1=Q 45. Rxa1 Rxa1 0-1

[Event "21.Wörishofen-Seniorenen op"]
[Site "Bad Wörishofen (03.03.-11.03)"]
[Date "2005.03.08"]
[Round "6.54"]
[White "Kaiser, Hans[35BGladbach]"]
[Black "Schielke, Klaus"]
[Result "1-0"]
[WhiteElo "1612"]
[BlackElo "1438"]
[PlyCount "65"]
[EventDate "2005.03.??"]
[Source "Chessorg"]
[SourceDate "2005.12.10"]

1. e4 e5 2. Nf3 d6 3. d4 exd4 4. Nxd4 Bd7 5. Bc4 Nf6 6. Nc3 Nc6 7. O-O Be7 8.
Be3 Ne5 9. Bb3 O-O 10. Kh1 c6 11. f4 Ng6 12. Nf5 b5 13. Qd3 Be6 14. Rad1 Ne8
15. Nxe7+ Qxe7 16. Rfe1 Rd8 17. a3 a6 18. Qf1 Qc7 19. Qf2 Qb7 20. e5 Bxb3 21.
cxb3 f5 22. Bc5 Qb8 23. Bb4 c5 24. Ba5 Rd7 25. e6 Rb7 26. Nd5 Ne7 27. Qh4 Nxd5
28. Rxd5 Ra7 29. Qg5 Rf6 30. Rxf5 Rxf5 31. Qxf5 Re7 32. Qg5 b4 33. Qxe7 1-0

[Event "21.Wörishofen-Seniorenen op"]
[Site "Bad Wörishofen (03.03.-11.03)"]
[Date "2005.03.08"]
[Round "6.55"]
[White "Kahler, Kurt"]
[Black "Schuller, Erhard"]
[Result "0-1"]
[WhiteElo "1673"]
[BlackElo "1639"]
[PlyCount "116"]
[EventDate "2005.03.??"]
[Source "Chessorg"]
[SourceDate "2005.12.10"]

1. e4 c5 2. d3 d6 3. g3 Nf6 4. Bg2 e6 5. f4 Qc7 6. Nd2 Nc6 7. Ngf3 Be7 8. O-O
O-O 9. Re1 e5 10. f5 b5 11. c3 h6 12. h3 a6 13. Nf1 Re8 14. g4 Nh7 15. h4 Qd8
16. g5 hxg5 17. hxg5 Nxg5 18. Nxg5 Bxg5 19. Qg4 Bxc1 20. Raxc1 Qf6 21. Ne3 Ne7
22. Re2 Bb7 23. Rf1 Kf8 24. Qh3 Ng8 25. Ng4 Qg5 26. f6 gxf6 27. Rf5 Qg7 28. Bf3
Bc8 29. Rh5 Bxg4 30. Bxg4 f5 31. exf5 Nf6 32. Rh4 Ke7 33. Rg2 Rh8 34. Bf3 Rxh4
35. Qxh4 Rh8 36. Rxg7 Rxh4 37. b3 d5 38. Rg2 Rf4 39. Be2 Rxf5 40. c4 bxc4 41.
bxc4 d4 42. Bd1 Nd7 43. Rg8 Rf6 44. Ra8 Rb6 45. Kf1 f5 46. Ra7 Kd6 47. a4 Nb8
48. Rh7 a5 49. Rh6+ Kc7 50. Rh7+ Nd7 51. Rf7 Rf6 52. Rh7 e4 53. dxe4 fxe4+ 54.
Ke1 Kd6 55. Rh8 Ne5 56. Bb3 Nc6 57. Rh5 Ne5 58. Rh3 Nd3+ 0-1

[Event "21.Wörishofen-Seniorenen op"]
[Site "Bad Wörishofen (03.03.-11.03)"]
[Date "2005.03.08"]
[Round "6.56"]
[White "Weigel, Herbert"]
[Black "Storkebaum, Karl-Heinrich,Dr."]
[Result "1/2-1/2"]
[WhiteElo "1948"]
[BlackElo "1877"]
[PlyCount "129"]
[EventDate "2005.03.??"]
[Source "Chessorg"]
[SourceDate "2005.12.10"]

1. e4 c5 2. Nf3 d6 3. d4 cxd4 4. Nxd4 Nf6 5. Nc3 a6 6. Bg5 e6 7. f4 Nbd7 8. Qf3
Qc7 9. O-O-O b6 10. Bd3 Bb7 11. Rhe1 Be7 12. g4 O-O-O 13. Qe2 Nc5 14. Bxf6 Bxf6
15. Qe3 Nxd3+ 16. Rxd3 Kb8 17. g5 Be7 18. h4 Rhe8 19. Kb1 d5 20. e5 b5 21. Nce2
Bc5 22. Qd2 Qb6 23. Nc1 Bxd4 24. Rxd4 Rc8 25. Rd1 Rc4 26. Rxc4 bxc4 27. Qd4
Qxd4 28. Rxd4 Rc8 29. c3 Bc6 30. Ne2 g6 31. Rd2 h5 32. gxh6 Rh8 33. Nd4 Bd7 34.
Nf3 Rxh6 35. b3 cxb3 36. axb3 Rh5 37. Kc2 Rf5 38. Rd4 Kc7 39. Kd2 Rh5 40. Ke3
Rh8 41. Rd2 Rg8 42. Nd4 Rh8 43. Rh2 Kb6 44. Nf3 Kc5 45. Kd2 a5 46. Ke3 Rb8 47.
Nd2 Rh8 48. Kd3 Bb5+ 49. Kc2 d4 50. Ne4+ Kd5 51. Nf6+ Kc5 52. Ne4+ Kd5 53. Nd6
Bc6 54. Rd2 Rxh4 55. Rxd4+ Kc5 56. Rc4+ Kb6 57. Nxf7 Rh2+ 58. Kb1 Bd5 59. Rd4
Bxb3 60. Ng5 a4 61. Nxe6 Ka5 62. Nc5 Rh1+ 63. Kb2 Rh2+ 64. Kb1 Rh1+ 65. Kb2
1/2-1/2

[Event "21.Wörishofen-Seniorenen op"]
[Site "Bad Wörishofen (03.03.-11.03)"]
[Date "2005.03.08"]
[Round "6.57"]
[White "Auf'm Wasser, Guenter"]
[Black "Weber, Siegfried[27Fechh']"]
[Result "1-0"]
[WhiteElo "1613"]
[BlackElo "1554"]
[PlyCount "87"]
[EventDate "2005.03.??"]
[Source "Chessorg"]
[SourceDate "2005.12.10"]

1. e3 d6 2. Nf3 g6 3. d4 Nf6 4. Bd3 Bg7 5. O-O O-O 6. c3 Nbd7 7. Nbd2 c5 8. Rb1
e5 9. d5 Re8 10. e4 Qc7 11. c4 a5 12. a4 Nf8 13. Nb3 Bd7 14. Bd2 b6 15. Nc1 Qc8
16. Ne2 Nh5 17. Qc1 f5 18. Ng3 Nxg3 19. fxg3 fxe4 20. Bxe4 Bf5 21. Ng5 Bxe4 22.
Nxe4 Qc7 23. Bh6 Re7 24. Bxg7 Kxg7 25. Qg5 h6 26. Qf6+ Kg8 27. Rf3 Rf7 28.
Qxf7+ Qxf7 29. Rxf7 Kxf7 30. Nxd6+ Ke7 31. Ne4 Rd8 32. Rf1 Nd7 33. h3 Rg8 34.
g4 g5 35. b3 Rg7 36. Ng3 Rg6 37. Nf5+ Ke8 38. Kf2 Nf6 39. Ke3 Kd7 40. Ng3 Ke7
41. Ne4 Nd7 42. Rf5 Ke8 43. Ng3 Nf6 44. Rxe5+ 1-0

[Event "21.Wörishofen-Seniorenen op"]
[Site "Bad Wörishofen (03.03.-11.03)"]
[Date "2005.03.08"]
[Round "6.58"]
[White "Gestrich, Wolfgang,Prof.Dr."]
[Black "Erdmann, Wolfgang"]
[Result "1/2-1/2"]
[WhiteElo "1442"]
[BlackElo "1533"]
[PlyCount "40"]
[EventDate "2005.03.??"]
[Source "Chessorg"]
[SourceDate "2005.12.10"]

1. c4 Nf6 2. Nc3 e6 3. g3 Be7 4. Bg2 c6 5. e4 e5 6. Nge2 O-O 7. O-O Bb4 8. a3
Be7 9. d3 d6 10. b4 a6 11. h3 Bd7 12. Be3 Qc8 13. Kh2 Ne8 14. Na4 Bd8 15. Nb6
Bxb6 16. Bxb6 f5 17. exf5 Bxf5 18. g4 Be6 19. Be3 Nd7 20. f4 g6 1/2-1/2

[Event "21.Wörishofen-Seniorenen op"]
[Site "Bad Wörishofen (03.03.-11.03)"]
[Date "2005.03.08"]
[Round "6.59"]
[White "Luebbers, Doris,Dr."]
[Black "Malik, Heinz[36G'weil]"]
[Result "0-1"]
[WhiteElo "1414"]
[BlackElo "1528"]
[PlyCount "106"]
[EventDate "2005.03.??"]
[Source "Chessorg"]
[SourceDate "2005.12.10"]

1. d4 Nf6 2. Nf3 d5 3. e3 e6 4. Bd3 c5 5. b3 Nc6 6. c3 b6 7. O-O Bd6 8. Bb2
cxd4 9. cxd4 O-O 10. Nbd2 Nb4 11. Be2 Bb7 12. a3 Nc6 13. Ne5 Rc8 14. Rc1 Nb8
15. b4 a6 16. b5 axb5 17. Bxb5 Ba6 18. Qe2 Bxb5 19. Qxb5 Nfd7 20. Ndf3 Qe7 21.
Qa4 f6 22. Nxd7 Nxd7 23. Qa6 Ra8 24. Qd3 Bxa3 25. Rb1 Bxb2 26. Rxb2 Ra3 27. Qe2
Rfa8 28. Rfb1 Qd8 29. g3 Rc8 30. Nd2 Rcc3 31. Nb3 Qc7 32. Qf1 Rc2 33. Rxc2 Qxc2
34. Qc1 Qxc1+ 35. Nxc1 Kf7 36. Kg2 e5 37. Ne2 Ke6 38. Rb2 f5 39. dxe5 Kxe5 40.
h4 g6 41. Rb5 Kd6 42. Nd4 Ra6 43. Rb2 Ra5 44. Nb5+ Kc5 45. Nd4 Kc4 46. Rb3 b5
47. Kf3 b4 48. Ke2 Ra3 49. Rb1 Nc5 50. Rc1+ Rc3 51. Rb1 b3 52. Nf3 Rc2+ 53.
Nd2+ Kc3 0-1

[Event "21.Wörishofen-Seniorenen op"]
[Site "Bad Wörishofen (03.03.-11.03)"]
[Date "2005.03.08"]
[Round "6.60"]
[White "Schoen, Siegfried"]
[Black "Zacharias, Helmut"]
[Result "1/2-1/2"]
[WhiteElo "1545"]
[BlackElo "1340"]
[PlyCount "94"]
[EventDate "2005.03.??"]
[Source "Chessorg"]
[SourceDate "2005.12.10"]

1. e4 c5 2. c3 Nc6 3. Nf3 g6 4. d4 cxd4 5. cxd4 Bg7 6. Nc3 Nf6 7. h3 O-O 8. Bc4
e6 9. e5 Ne8 10. O-O f6 11. Re1 Na5 12. Bd3 d6 13. exf6 Bxf6 14. Ne4 d5 15.
Nxf6+ Nxf6 16. Bg5 Qb6 17. Qe2 Nc6 18. Be3 Nh5 19. Qd2 Bd7 20. Rac1 Nb4 21. Bb1
Nc6 22. Ne5 Nxe5 23. dxe5 Qd8 24. Bg5 Qb6 25. Be3 Qd8 26. Qd4 Bc6 27. Bd3 Ng7
28. Bh6 Rf7 29. Re3 Rc8 30. Bxg7 Kxg7 31. Qg4 Bd7 32. Rg3 Rxc1+ 33. Kh2 Rf5 34.
Bxf5 exf5 35. Qd4 Be6 36. Qxa7 Qc7 37. Qd4 Rc4 38. Qa7 d4 39. b3 Rc3 40. Qxd4
Rxg3 41. Kxg3 Qc6 42. Kh2 Qd5 43. Qc3 Qc6 44. Qd4 g5 45. Qd8 h6 46. Qf6+ Kh7
47. Qe7+ Kg6 1/2-1/2

[Event "21.Wörishofen-Seniorenen op"]
[Site "Bad Wörishofen (03.03.-11.03)"]
[Date "2005.03.08"]
[Round "6.61"]
[White "Lubberich, Alfred,Dr."]
[Black "Narr, Irmgard"]
[Result "1-0"]
[WhiteElo "1667"]
[BlackElo "1449"]
[PlyCount "117"]
[EventDate "2005.03.??"]
[Source "Chessorg"]
[SourceDate "2005.12.10"]

1. Nf3 e6 2. d4 b6 3. c4 Bb7 4. e3 Nf6 5. Bd3 Be7 6. O-O O-O 7. Nc3 d6 8. Re1
Re8 9. e4 c5 10. d5 e5 11. Bg5 Nbd7 12. h3 Nf8 13. Nh4 Ng6 14. Bc2 Nxh4 15.
Bxh4 Bc8 16. Bg3 a6 17. f4 Nd7 18. Ba4 Rf8 19. Bxd7 Bxd7 20. fxe5 dxe5 21. Bxe5
Bh4 22. Rf1 Qe7 23. Bf4 h6 24. Qf3 b5 25. b3 Ra7 26. e5 Bc8 27. Ne4 Bb7 28. Bg3
Bg5 29. Nxg5 Qxg5 30. Qf4 Qh5 31. Rad1 Bc8 32. e6 f6 33. Rde1 Re7 34. Qd6 Qg6
35. Bf2 Rfe8 36. Bxc5 bxc4 37. bxc4 Qc2 38. Qf4 Rb7 39. a3 Rb2 40. Rf2 Qb3 41.
Rxb2 Qxb2 42. Qc1 Qb3 43. Re3 Qb8 44. Qc2 Qc7 45. Bd4 a5 46. Qc3 Ba6 47. c5 Bb7
48. Rg3 Kh7 49. d6 Qc6 50. e7 Rg8 51. Qc2+ Kh8 52. Qd2 a4 53. Qc1 Qd5 54. Bxf6
Kh7 55. Bb2 Bc6 56. Qc3 g6 57. Qd4 Qf5 58. Qe5 Qc2 59. e8=Q 1-0

[Event "21.Wörishofen-Seniorenen op"]
[Site "Bad Wörishofen (03.03.-11.03)"]
[Date "2005.03.08"]
[Round "6.63"]
[White "Fanenbruck, Guenter"]
[Black "Garbe, Heinz"]
[Result "1/2-1/2"]
[WhiteElo "1569"]
[BlackElo "1464"]
[PlyCount "48"]
[EventDate "2005.03.??"]
[Source "Chessorg"]
[SourceDate "2005.12.10"]

1. e4 c5 2. Nf3 d6 3. c3 Nf6 4. Be2 Nc6 5. d3 g6 6. O-O Bg7 7. Re1 O-O 8. Bf1
Bg4 9. h3 Bxf3 10. Qxf3 Nd7 11. Na3 a6 12. Nc2 e5 13. Ne3 Nb6 14. g4 Qf6 15.
Qxf6 Bxf6 16. Ng2 Bg7 17. f4 f6 18. f5 g5 19. a4 a5 20. Be3 Kf7 21. h4 h6 22.
Be2 Nc8 23. Bd2 b6 24. Ne3 Rb8 1/2-1/2

[Event "21.Wörishofen-Seniorenen op"]
[Site "Bad Wörishofen (03.03.-11.03)"]
[Date "2005.03.08"]
[Round "6.64"]
[White "Antusch, Ingrid"]
[Black "Hoenig, Josef"]
[Result "0-1"]
[WhiteElo "1422"]
[BlackElo "1579"]
[PlyCount "88"]
[EventDate "2005.03.??"]
[Source "Chessorg"]
[SourceDate "2005.12.10"]

1. d4 d5 2. e3 Nf6 3. Nd2 Nc6 4. Bd3 g6 5. c3 Bg7 6. f4 Bg4 7. Ngf3 a6 8. O-O
Bxf3 9. Qxf3 e6 10. g4 Qe7 11. g5 Nd7 12. Qe2 O-O 13. Rf3 f5 14. Qg2 Rf7 15.
Rh3 Bf8 16. Nf3 Na7 17. Kh1 Nb5 18. Bd2 Nd6 19. Rg1 Ne4 20. Bc1 Rc8 21. Bxe4
dxe4 22. Nd2 c5 23. b3 cxd4 24. cxd4 b5 25. Rg3 Nb6 26. h4 Rc2 27. a3 Qc7 28.
h5 Rxc1 29. Nf1 Nd5 30. Qh3 Rc2 31. Qh4 Rg7 32. Rh3 Qe7 33. hxg6 Rxg6 34. Qh5
Qg7 35. Qd1 Qc7 36. Rh6 Bxh6 37. gxh6 Rxg1+ 38. Kxg1 Rc3 39. Qh5 Qf7 40. Qg5+
Qg6 41. Kf2 Qxg5 42. fxg5 Kf7 43. a4 Rxb3 44. axb5 axb5 0-1

[Event "21.Wörishofen-Seniorenen op"]
[Site "Bad Wörishofen (03.03.-11.03)"]
[Date "2005.03.08"]
[Round "6.65"]
[White "Miessner, Rolf"]
[Black "Sieghardt, Walter"]
[Result "1/2-1/2"]
[WhiteElo "1695"]
[BlackElo "1513"]
[PlyCount "65"]
[EventDate "2005.03.??"]
[Source "Chessorg"]
[SourceDate "2005.12.10"]

1. e4 e6 2. d4 d5 3. Nd2 c5 4. exd5 exd5 5. Ngf3 Nf6 6. Be2 Bd6 7. dxc5 Bxc5 8.
O-O O-O 9. Nb3 Be7 10. Bg5 Nc6 11. c3 Be6 12. Qc2 h6 13. Bh4 Rc8 14. Rad1 Ne4
15. Bxe7 Qxe7 16. Qb1 Rfd8 17. Nbd4 Rc7 18. Rfe1 Qc5 19. Nd2 Nf6 20. N2b3 Qb6
21. Bf3 Re8 22. Re2 Rce7 23. Rde1 Bg4 24. Rxe7 Rxe7 25. Rxe7 Nxe7 26. Qe1 Kf8
27. Qe2 Be6 28. Qe5 a5 29. Nxe6+ fxe6 30. Qe2 Kf7 31. Nd4 Qd6 32. a4 Nc6 33.
Nb5 1/2-1/2

[Event "21.Wörishofen-Seniorenen op"]
[Site "Bad Wörishofen (03.03.-11.03)"]
[Date "2005.03.08"]
[Round "6.66"]
[White "Thonig, Manfred"]
[Black "Block, Herbert"]
[Result "1-0"]
[WhiteElo "1578"]
[BlackElo "1402"]
[PlyCount "69"]
[EventDate "2005.03.??"]
[Source "Chessorg"]
[SourceDate "2005.12.10"]

1. f4 e6 2. Nf3 g6 3. b3 Bg7 4. Nc3 Nc6 5. Bb2 d5 6. e3 Nge7 7. d4 O-O 8. Be2
b6 9. O-O a5 10. Ne5 Nxe5 11. fxe5 Nf5 12. Rf3 c5 13. Ba3 Re8 14. Qd2 Qc7 15.
Nb5 Qc6 16. c4 Ba6 17. Raf1 Bxb5 18. cxb5 Qc7 19. g4 Nh6 20. Rh3 Rad8 21. Qe1
Rf8 22. Qh4 f6 23. exf6 g5 24. Qxg5 Rf7 25. Rxh6 Kh8 26. fxg7+ Rxg7 27. Qe5
Qxe5 28. dxe5 d4 29. exd4 Rxd4 30. Rf8+ Rg8 31. Rxg8+ Kxg8 32. Rxe6 Rd2 33. Bc4
Rxa2 34. Rxb6+ Kg7 35. Bxc5 1-0